000 00764 a2200241 4500
001 64042
005 20260521160829.0
008 260521a1988 arg spa d
003 AR-UNSa-BCEJYS
040 _aAR-UNSa-BCEJYS
_bspa
_cAR-UNSa-BCEJYS
080 _a658.012.2
_xPlanificación. Programas. Planes. Medidas de apoyo a la planificación( Administración estratégica...)
245 1 0 _aCambio
_pEstrategias para crear valor económico
020 _a978-950-9109-78-0
250 _a2a. ed.
264 1 _aBuenos Aires :
_bTesis
_c1988
300 _axxii, 272 p.
_c24 cm.
505 _a1. El problema - 2.
041 _aspa
942 _cBK
590 _aniveau_biblio:m niveau_hierar:0
100 1 _aLevy, Alberto R.
700 1 _aWilensky, Alberto L.
999 _c36519
_d36519